000 00343nam a2200145Ia 4500
008 230917s9999||||xx |||||||||||||| ||und||
040 _e73376
_aMAIN
041 _aEnglish
082 _a658.8 M31M
100 _aMamoria, C B
245 0 _aMarketing management
260 _aPatna
_bKitab Mahal
_c1999
300 _axix, 828 p.
942 _cBK
999 _c106727
_d106727